Ethnic minorities, drug use and harm in the highlands of northern Vietnam

Salvato in:
Dettagli Bibliografici
Ente Autore: Office on drugs and crime
Natura: Libro
Lingua:Undetermined
Pubblicazione: Hà Nội Thế giới 2003
Soggetti:
Tags: Aggiungi Tag
Nessun Tag, puoi essere il primo ad aggiungerne! !
Thư viện lưu trữ: Trung tâm Học liệu Trường Đại học Cần Thơ
LEADER 00567nam a2200181Ia 4500
001 CTU_62811
008 210402s9999 xx 000 0 und d
082 |a 305.8 
082 |b O.32 
110 |a Office on drugs and crime 
245 0 |a Ethnic minorities, drug use and harm in the highlands of northern Vietnam 
245 0 |c Office on drugs and crime 
260 |a Hà Nội 
260 |b Thế giới 
260 |c 2003 
650 |a Ethnic and national groups 
904 |i Minh (Nguyên sửa) 
980 |a Trung tâm Học liệu Trường Đại học Cần Thơ